00427nam a2200157Ia 4500008004100000020001800041041000800059082001300067100003500080245006500115250001300180260003300193300000900226365000700235650002700242251210s2023 xx 000 0 und d a9780323834612 aeng a612. WAU aWaugh, Anne and Grant, Allison aRoss and Wilson Anatomy and physiology in health and illness a14th ed. aPhiladelphiabElesiverc2023 a586p cRS aAnatomy and physiology